| 000 | 00655nam a2200229 a 4500 | ||
|---|---|---|---|
| 999 |
_c887 _d887 |
||
| 001 | 887 | ||
| 003 | BD-JhCC | ||
| 005 | 20171011121621.0 | ||
| 008 | 171011s2000 bg |||| ||a| 000 0 ben d | ||
| 020 | _a9844611153 | ||
| 035 | _a(BD-JhCC)887 | ||
| 040 |
_aBD-JhCC _dBD-JhCC |
||
| 041 | _aben | ||
| 082 |
_a891.44809 _bALI 2000 |
||
| 100 | _aআলী, শাহেদ | ||
| 245 |
_aস্বনির্বাচিত গল্প / _cশাহেদ আলী |
||
| 260 |
_aঢাকা : _bগতিধারা প্রকাশ, _c2000 |
||
| 300 |
_a399 p.; _c20 cm. |
||
| 650 |
_aBangali Literature _xEssays |
||
| 942 |
_2ddc _cBK |
||